| 000 | 02815nam a22003377a 4500 | ||
|---|---|---|---|
| 005 | 20100503155714.0 | ||
| 010 | _aB-417074-085 | ||
| 020 |
_a9780670083497 _c699.00 |
||
| 035 | _aB-417074-085 | ||
| 037 | _bUBH/Ven | ||
| 082 | _a230.2 | ||
| 100 |
_aDas, Gurucharan _921756 |
||
| 245 |
_aThe difficulty of being good : _cby Gurucharan Das _bon the subtle art of dharma / |
||
| 260 |
_aNew Delhi _bPenguin Books _c2009 |
||
| 300 |
_alii, 434p.: _c24 cm. (Hb) |
||
| 500 | _aincludes index | ||
| 942 |
_2ddc _cEN _mDAS _h230.2 |
||
| 999 |
_c35624 _d35624 |
||